Statistiche per Aeroporti più trafficati d'Europa

Clicka qui per fare il quiz!

Statistiche generali

  • Questo quiz è stato fatto 622 volte
  • Il punteggio medio è 36 su 50

Statistiche sulle risposte

Pass. Città % Corretto
41.7 mRoma
99%
75.7 mLondra (Heathrow)
98%
43.1 mLondra (Gatwick)
98%
24.3 mLondra (Stansted)
98%
14.6 mLondra (Luton)
98%
31.2 mParigi (Orly)
98%
65.9 mParigi (Charles de Gaulle)
98%
50.4 mMadrid
97%
11.2 mMilano (Orio al Serio)
97%
9.7 mMilano (Linate)
97%
19.4 mMilano (Malpensa)
97%
11.7 mBerlino (Schönefeld)
94%
21.3 mBerlino (Tegel)
94%
44.1 mBarcellona
90%
63.6 mAmsterdam
88%
33.7 mMosca (Domodedovo)
86%
22.5 mLisbona
86%
28.5 mMosca (Sheremetyevo)
86%
13.9 mMosca (Vnukovo)
86%
25.8 mOslo
85%
27.9 mDublino
83%
20.0 mAtene
83%
42.7 mMonaco
82%
11.4 mBudapest
80%
21.8 mBruxelles
80%
23.4 mVienna
80%
24.7 mStoccolma
78%
60.8 mFrancoforte
77%
13.1 mPraga
75%
29.0 mCopenaghen
72%
12.8 mVarsavia
72%
17.2 mHelsinki
71%
13.3 mSan Pietroburgo
69%
11.0 mBucarest
68%
60.1 mIstanbul (Atatürk)
67%
29.6 mIstanbul (Sabiha Gökçen)
67%
25.6 mManchester
64%
9.6 mVenezia
60%
27.7 mZurigo
60%
16.2 mAmburgo
57%
16.5 mGinevra
42%
11.9 mColonia / Bonn
42%
12.4 mNizza
37%
23.5 mDüsseldorf
35%
10.6 mStoccarda
33%
12.3 mEdinburgo
30%
11.6 mBirmingham
30%
26.3 mPalma di Maiorca
21%
16.7 mMálaga
18%
12.3 mAlicante
9%

Distribuzione punteggi

Percentile per numero di risposta

Percentuale di utenti per punteggio

I tuoi punteggi nel tempo

Non hai fatto questo quiz